000 00704nam a2200241Ia 4500
005 20260429112051.0
008 260429s9999||||xx |||||||||||||| ||und||
020 _a9789811517129
041 _aEnglish
082 _a660.62
_bARO
100 _aArora, Naveen Kumar
245 0 _aMicrobial enzymes :
_broles and applications in industries /
_cNaveen Kumar Arora
250 _a1st ed.
260 _aSingapore :
_bSpringer,
_c2020.
300 _ax, 329 p.; pbk
440 _aMicroorganism for Sustainablility, Vol 11
650 _a Biotechnology
650 _a Industrial microbiology
650 _aMicrobial enzymes
700 _a Mishra, Jitendra
700 _a Mishra, Vibhav
942 _cTB
999 _c52173
_d52173